Histoire contemporaine L2 P1 - Statistiques

Statistiques générales
  • Ce quiz a été pris 11 fois
  • Le résultat moyen est 2 sur 22
Statistiques - réponses
Date Réponse % Correct
18 Mars-28 Mai 1871 Commune de Paris
78%
1848 printemps des peuples
44%
1870-1871 Guerre franco-prussienne
22%
1830-1831 Indépendance belge
22%
1821 Indépendance grecque
22%
21-28 Mai 1871 Semaine sanglante
22%
1884-1885 Conférence de Berlin
11%
1830-1831 insurrection polonaise
11%
1863 Insurrection polonaise
11%
1861 Avènement du royaume unitaire italien
0%
1866 Bataille de Sadowa
0%
1862 Bismarck ministre-président de Prusse
0%
1867 Compromis austro-hongrois
0%
1897 Congrès sioniste à Bâle
0%
1867 Création de la confédération de l’Allemagne du Nord
0%
1859 deuxième guerre d’indépendance italienne
0%
1832 fête de Hambach
0%
1860 Nice et Savoie rattachée à la France
0%
20 Sept 1870 Prise de Rome par les italiens
0%
Janvier 1871 Proclamation du Reich Allemand
0%
1866 Troisième guerre d’indépendance italienne
0%
1834 Zollverein
0%
Aucun quiz correspondant
Distribution des résultats
% des personnes avec chaque résultat
Percentile par nombre de réponses
Votre historique - résultats
Vous n’avez pas pris ce quiz